[Event "HUN-chT2 Asztalos 1314"]
[Site "Hungary"]
[Date "2014.04.13"]
[Round "8"]
[White "Dani, Ferenc"]
[Black "Wolosz, Robert"]
[Result "1/2-1/2"]
[WhiteElo "1727"]
[BlackElo "1865"]
[PlyCount "63"]
[EventDate "2013.09.08"]
[EventType "team-tourn"]
[EventRounds "9"]
[EventCountry "HUN"]
[SourceTitle "EXT 2016"]
[Source "ChessBase"]
[SourceDate "2015.10.08"]
[SourceVersion "1"]
[SourceVersionDate "2015.10.08"]
[SourceQuality "1"]
[WhiteTeam "Pecs Karmin"]
[BlackTeam "Szentlorinc"]
[WhiteTeamCountry "HUN"]
[BlackTeamCountry "HUN"]

1. d4 Nf6 2. Nf3 g6 3. c4 Bg7 4. Nc3 d5 5. Qb3 dxc4 6. Qxc4 0-0 7. e4 a6 8. a4 b5 9. Qb3 bxa4 10. Qxa4 Bb7 11. d5 c6 12. Qb3 Qc8 13. Bc4 cxd5 14. exd5 Nbd7 15. Be3 Ne8 16. 0-0 Nd6 17. Bd3 Nc5 18. Bxc5 Qxc5 19. Rfc1 Bxc3 20. bxc3 Bxd5 21. c4 Bxf3 22. gxf3 Rfb8 23. Qc2 a5 24. Qe2 e6 25. Rc2 Rb4 26. Rca2 a4 27. Ra3 Qd4 28. Rd1 Nxc4 29. Be4 Qb2 30. Qxb2 Rxb2 31. Rc3 Ra5 32. Rxc4 1/2-1/2

[Event "HUN-chT2 Asztalos 1011"]
[Site "Hungary"]
[Date "2010.11.21"]
[Round "6.3"]
[White "Mohacsi, Andras J"]
[Black "Wolosz, Robert"]
[Result "1-0"]
[WhiteElo "2206"]
[BlackElo "1893"]
[PlyCount "59"]
[EventDate "2010.09.12"]
[EventType "team-tourn"]
[EventRounds "11"]
[EventCountry "HUN"]
[SourceTitle "EXT 2012"]
[Source "ChessBase"]
[SourceDate "2011.11.24"]
[SourceVersion "1"]
[SourceVersionDate "2011.11.24"]
[SourceQuality "1"]
[WhiteTeam "Szekesfehervar"]
[BlackTeam "Pannonpower II"]
[WhiteTeamCountry "HUN"]
[BlackTeamCountry "HUN"]

1. e4 d6 2. d4 Nf6 3. Nc3 g6 4. f3 c6 5. Be3 b5 6. Qd2 Nbd7 7. Bd3 Nb6 8. b3 e5 9. Nge2 b4 10. Nd1 exd4 11. Nxd4 c5 12. Ne2 Bg7 13. Rc1 Nfd7 14. Bb5 Qe7 15. Bg5 Bf6 16. Bxf6 Qxf6 17. Ne3 Bb7 18. Ng4 Qe7 19. Rd1 f5 20. Nf2 d5 21. exd5 Nxd5 22. Bxd7+ Kxd7 23. 0-0 Kc7 24. Nf4 Nxf4 25. Qxf4+ Kb6 26. Rfe1 Qf7 27. Qd6+ Bc6 28. Re7 Qf8 29. Nd3 Qc8 30. Qxc5+ 1-0

[Event "HUN-chT2 Asztalos 0910"]
[Site "Hungary"]
[Date "2009.12.20"]
[Round "4"]
[White "Wolosz, Robert"]
[Black "Miovecz, Janos"]
[Result "1-0"]
[WhiteElo "1909"]
[BlackElo "2142"]
[PlyCount "73"]
[EventDate "2009.11.08"]
[EventType "team-tourn"]
[EventRounds "11"]
[EventCountry "HUN"]
[SourceTitle "EXT 2011"]
[Source "ChessBase"]
[SourceDate "2010.11.26"]
[SourceVersion "1"]
[SourceVersionDate "2010.11.26"]
[SourceQuality "1"]
[WhiteTeam "Pannonpower II"]
[BlackTeam "Szenna Pack"]
[WhiteTeamCountry "HUN"]
[BlackTeamCountry "HUN"]

1. e4 e5 2. Nf3 Nc6 3. Bb5 a6 4. Bxc6 dxc6 5. 0-0 Bd6 6. d4 exd4 7. Nxd4 c5 8. Nb3 Ne7 9. f4 f6 10. Qh5+ g6 11. Qf3 Nc6 12. c3 Be6 13. Be3 Bxb3 14. axb3 0-0 15. Na3 Na5 16. Nc4 Nxc4 17. bxc4 Qe7 18. Rfe1 Rfe8 19. Bf2 Qf7 20. b3 c6 21. Rad1 Rad8 22. e5 fxe5 23. fxe5 Qxf3 24. gxf3 Bc7 25. f4 h6 26. Kg2 Kf7 27. Kf3 Ke6 28. Ke4 Rxd1 29. Rxd1 Rf8 30. Rg1 g5 31. Be3 Rf5 32. h4 Bd8 33. hxg5 hxg5 34. Rh1 Rf7 35. Rh6+ Ke7 36. Bxc5+ Ke8 37. f5 1-0

[Event "HUN-chT2 Asztalos 0910"]
[Site "Hungary"]
[Date "2009.11.22"]
[Round "2"]
[White "Wolosz, Robert"]
[Black "Veszpremi, Andras"]
[Result "0-1"]
[WhiteElo "1909"]
[BlackElo "2228"]
[PlyCount "44"]
[EventDate "2009.11.08"]
[EventType "team-tourn"]
[EventRounds "11"]
[EventCountry "HUN"]
[SourceTitle "EXT 2011"]
[Source "ChessBase"]
[SourceDate "2010.11.26"]
[SourceVersion "1"]
[SourceVersionDate "2010.11.26"]
[SourceQuality "1"]
[WhiteTeam "Pannonpower II"]
[BlackTeam "Decs II"]
[WhiteTeamCountry "HUN"]
[BlackTeamCountry "HUN"]

1. Nf3 g6 2. g3 Bg7 3. Bg2 c5 4. c4 Nc6 5. Nc3 d6 6. 0-0 e6 7. d3 Nge7 8. e3 0-0 9. a3 Rb8 10. Rb1 a6 11. Bd2 b5 12. cxb5 axb5 13. b4 Ba6 14. Qc2 Ne5 15. Nxe5 Bxe5 16. Rfd1 Qc7 17. Ne4 Rfc8 18. bxc5 dxc5 19. Rdc1 c4 20. d4 Bg7 21. Nc5 Qa7 22. Qc3 Rxc5 0-1

[Event "HUN-chT2 Asztalos 0809"]
[Site "Hungary"]
[Date "2009.04.19"]
[Round "11"]
[White "Wolosz, Robert"]
[Black "Bocska, Janos"]
[Result "0-1"]
[WhiteElo "1910"]
[BlackElo "2119"]
[PlyCount "90"]
[EventDate "2008.10.26"]
[EventType "team-tourn"]
[EventRounds "11"]
[EventCountry "HUN"]
[SourceTitle "EXT 2010"]
[Source "ChessBase"]
[SourceDate "2010.11.25"]
[SourceVersion "1"]
[SourceVersionDate "2010.11.25"]
[SourceQuality "1"]
[WhiteTeam "Pannonpower II"]
[BlackTeam "Nagyatad"]
[WhiteTeamCountry "HUN"]
[BlackTeamCountry "HUN"]

1. Nf3 d5 2. g3 Nc6 3. d4 Bf5 4. c3 e6 5. Nh4 Bg6 6. Bg2 Be7 7. Nxg6 hxg6 8. e4 dxe4 9. Bxe4 Nf6 10. Bxc6+ bxc6 11. Qf3 Qd5 12. Qxd5 cxd5 13. Nd2 Rh5 14. Nf3 Ng4 15. Be3 Kd7 16. Kf1 Rah8 17. Kg2 f6 18. h3 Nxe3+ 19. fxe3 g5 20. g4 R5h6 21. Raf1 c5 22. b3 Rc8 23. Rc1 Rhh8 24. Rhd1 cxd4 25. exd4 Bd6 26. c4 Bf4 27. Rc3 dxc4 28. bxc4 Rb8 29. Rb3 Rhc8 30. Ng1 Rxc4 31. Rxb8 Bxb8 32. Rb1 Bc7 33. Ne2 Rc2 34. Kf3 Rxa2 35. Rb3 Bb6 36. Rd3 Rb2 37. Nc1 Rh2 38. Ke4 Rf2 39. Ke3 Rf1 40. Kd2 Ba5+ 41. Kc2 Bb4 42. Na2 Ba5 43. Kb2 Rf2+ 44. Kb3 Rd2 45. Nb4 Bxb4 0-1

[Event "HUN-chT2 Asztalos 0809"]
[Site "Hungary"]
[Date "2009.02.22"]
[Round "8"]
[White "Wolosz, Robert"]
[Black "Schmikl, Matyas"]
[Result "1-0"]
[WhiteElo "1910"]
[BlackElo "1926"]
[PlyCount "45"]
[EventDate "2008.10.26"]
[EventType "team-tourn"]
[EventRounds "11"]
[EventCountry "HUN"]
[SourceTitle "EXT 2010"]
[Source "ChessBase"]
[SourceDate "2010.11.25"]
[SourceVersion "1"]
[SourceVersionDate "2010.11.25"]
[SourceQuality "1"]
[WhiteTeam "Pannonpower II"]
[BlackTeam "Tamasi Szabadido"]
[WhiteTeamCountry "HUN"]
[BlackTeamCountry "HUN"]

1. d4 e6 2. c4 Nf6 3. Nc3 d5 4. cxd5 exd5 5. Bg5 Be7 6. e3 c6 7. Qc2 Nbd7 8. Bd3 Nf8 9. Nge2 Bg4 10. f3 Bd7 11. 0-0 h6 12. Bh4 Ne6 13. Rae1 Nh5 14. Bxe7 Qxe7 15. e4 Qg5 16. exd5 cxd5 17. f4 Qd8 18. f5 0-0 19. fxe6 Bxe6 20. Bh7+ Kh8 21. Bf5 Qg5 22. Qc1 Qh4 23. g3 1-0

[Event "HUN-chT2 Asztalos 0708"]
[Site "Hungary"]
[Date "2008.03.16"]
[Round "8"]
[White "Raba, Rudolf"]
[Black "Wolosz, Robert"]
[Result "1-0"]
[WhiteElo "1972"]
[BlackElo "1983"]
[PlyCount "113"]
[EventDate "2007.10.14"]
[EventType "team"]
[EventRounds "11"]
[EventCountry "HUN"]
[SourceTitle "EXT 2009"]
[Source "ChessBase"]
[SourceDate "2008.11.26"]
[SourceVersion "1"]
[SourceVersionDate "2008.11.26"]
[SourceQuality "1"]
[WhiteTeam "Fehervar"]
[BlackTeam "Pannonpower II"]
[WhiteTeamCountry "HUN"]
[BlackTeamCountry "HUN"]

1. d4 e6 2. Bf4 Nf6 3. e3 b6 4. Nf3 Bb7 5. Be2 Be7 6. 0-0 d6 7. h3 Nbd7 8. Nbd2 0-0 9. c4 c5 10. Rc1 Rc8 11. Bg5 Ne4 12. Nxe4 Bxe4 13. Bxe7 Qxe7 14. Bd3 Nf6 15. Ng5 Bc6 16. Re1 h6 17. Nf3 Qb7 18. Qe2 Ne4 19. Qc2 f5 20. Re2 Rf6 21. Nh4 g5 22. Nf3 h5 23. d5 exd5 24. Bxe4 dxe4 25. Nxg5 h4 26. f4 exf3 27. gxf3 Bxf3 28. Rf2 Qg7 29. Rxf3 Qxg5+ 30. Kh2 Kf7 31. Rg1 Qh5 32. Qf2 Re8 33. Rf4 Re4 34. Qg2 Ke6 35. Qg8+ Qf7 36. Rxe4+ fxe4 37. Qg4+ Ke5 38. Rg2 d5 39. cxd5 Kxd5 40. Qxh4 Qc7+ 41. Kg1 Qe5 42. Qg4 Qe6 43. Qg5+ Qf5 44. Qg8+ Qe6 45. Qd8+ Kc4 46. b3+ Kb5 47. h4 Qf7 48. a4+ Kb4 49. Qd2+ Kxb3 50. Qc2+ Ka3 51. Qb2+ Kxa4 52. Qb1 Ka3 53. Qa1+ Kb4 54. Rb2+ Kc4 55. Qa2+ Kc3 56. Qa3+ Kc4 57. Qb3# 1-0

[Event "HUN-chT2 Asztalos 0708"]
[Site "Hungary"]
[Date "2007.12.09"]
[Round "4"]
[White "Bihercz, Gabor"]
[Black "Wolosz, Robert"]
[Result "1/2-1/2"]
[WhiteElo "1944"]
[BlackElo "1983"]
[PlyCount "77"]
[EventDate "2007.10.14"]
[EventType "team"]
[EventRounds "11"]
[EventCountry "HUN"]
[SourceTitle "EXT 2009"]
[Source "ChessBase"]
[SourceDate "2008.11.26"]
[SourceVersion "1"]
[SourceVersionDate "2008.11.26"]
[SourceQuality "1"]
[WhiteTeam "Mohacs"]
[BlackTeam "Pannonpower II"]
[WhiteTeamCountry "HUN"]
[BlackTeamCountry "HUN"]

1. e4 e5 2. Nf3 Nf6 3. Nxe5 d6 4. Nf3 Nxe4 5. d4 d5 6. Bd3 Bd6 7. 0-0 0-0 8. Re1 Re8 9. c4 c6 10. Nc3 Nxc3 11. Rxe8+ Qxe8 12. bxc3 Bg4 13. Be3 dxc4 14. Bxc4 Be6 15. Bd3 Nd7 16. Ng5 Nf6 17. Qc2 g6 18. Nxe6 Qxe6 19. Qb3 Qxb3 20. axb3 Ng4 21. h3 Nxe3 22. fxe3 Bg3 23. e4 Kf8 24. Kf1 Ke7 25. Ke2 a5 26. c4 Bc7 27. Kd2 Bf4+ 28. Kc2 Be3 29. d5 Bd4 30. Re1 a4 31. bxa4 Rxa4 32. Kb3 Ra1 33. Rxa1 Bxa1 34. c5 cxd5 35. exd5 f5 36. Kc4 Bf6 37. Be2 Kd7 38. Bf3 Bd8 39. c6+ 1/2-1/2

[Event "HUN-chT2 Asztalos 0607"]
[Site "Hungary"]
[Date "2007.03.25"]
[Round "7"]
[White "Wolosz, Robert"]
[Black "Zamodics, Peter"]
[Result "1/2-1/2"]
[WhiteElo "1993"]
[BlackElo "1893"]
[PlyCount "106"]
[EventDate "2006.11.12"]
[EventType "team"]
[EventRounds "11"]
[EventCountry "HUN"]
[SourceTitle "EXT 2008"]
[Source "ChessBase"]
[SourceDate "2007.11.25"]
[SourceVersion "1"]
[SourceVersionDate "2007.11.25"]
[SourceQuality "1"]
[WhiteTeam "Pannonpower II"]
[BlackTeam "Dombovar"]
[WhiteTeamCountry "HUN"]
[BlackTeamCountry "HUN"]

1. f4 d5 2. Nf3 c5 3. d3 Nf6 4. e3 Nc6 5. Nbd2 Qc7 6. Be2 e6 7. 0-0 Bd6 8. c3 a6 9. Qe1 Bd7 10. Bd1 h6 11. Rf2 g5 12. g3 gxf4 13. exf4 0-0-0 14. Nf1 Rdg8 15. Kh1 Ng4 16. Rc2 Kb8 17. d4 f5 18. Ne5 Ngxe5 19. dxe5 Be7 20. Be3 h5 21. h4 Nd8 22. Qf2 Bc6 23. Bf3 b6 24. b4 Nb7 25. Rb1 Ka7 26. a3 Bb5 27. Rbc1 Rc8 28. Nd2 c4 29. Ra2 Ba4 30. Qe2 Rcg8 31. Bf2 Bd8 32. Bg2 Qg7 33. Rg1 Qd7 34. Nf3 Bb3 35. Raa1 Ba4 36. Nd4 Rg7 37. Bf3 Rgh7 38. Kh2 Bc7 39. Bg2 Bd8 40. Nf3 Qg7 41. Bh3 Qf7 42. Qe3 Qc7 43. Kg2 Be7 44. Ng5 Bxg5 45. hxg5 Qc6 46. Kf1 Nd8 47. Bg2 Qc7 48. Qd2 Kb7 49. Rh1 Nc6 50. Bd4 Ne7 51. Qe1 Ng6 52. Bf2 Bc6 53. Rd1 h4 1/2-1/2

[Event "HUN-chT2 Asztalos 0506"]
[Site "Hungary"]
[Date "2006.02.12"]
[Round "7"]
[White "Sipos, Janos"]
[Black "Wolosz, Robert"]
[Result "1-0"]
[WhiteElo "2033"]
[BlackElo "1998"]
[PlyCount "63"]
[EventDate "2005.10.16"]
[EventType "team"]
[EventRounds "11"]
[EventCountry "HUN"]
[SourceTitle "EXT 2009"]
[Source "ChessBase"]
[SourceDate "2008.11.26"]
[SourceVersion "1"]
[SourceVersionDate "2008.11.26"]
[SourceQuality "1"]
[WhiteTeam "Aquaprofit"]
[BlackTeam "Pannonpower II"]
[WhiteTeamCountry "HUN"]
[BlackTeamCountry "HUN"]

1. d4 Nf6 2. c4 e6 3. Nc3 d5 4. Nf3 c5 5. cxd5 Nxd5 6. dxc5 Nxc3 7. Qxd8+ Kxd8 8. bxc3 Bxc5 9. g3 Nc6 10. Bg2 f6 11. 0-0 Bd7 12. Rb1 Kc7 13. Nd4 Rae8 14. Be3 Kc8 15. Nb5 Bxe3 16. Nd6+ Kc7 17. Nxe8+ Rxe8 18. fxe3 e5 19. Rfd1 Rd8 20. Kf1 Bf5 21. Rxb7+ Kxb7 22. Rxd8 Kc7 23. Rg8 Nd8 24. Rxg7+ Kb6 25. g4 Bg6 26. Bd5 Kc5 27. e4 a6 28. Rd7 Nc6 29. Rc7 Be8 30. Rxh7 Kd6 31. Rh8 Bd7 32. Rf8 1-0

[Event "HUN-chT2 Asztalos 0506"]
[Site "Hungary"]
[Date "2005.10.30"]
[Round "2"]
[White "Wolosz, Robert"]
[Black "Nogradi, Gabor"]
[Result "0-1"]
[WhiteElo "1998"]
[BlackElo "2083"]
[PlyCount "50"]
[EventDate "2005.10.16"]
[EventType "team"]
[EventRounds "11"]
[EventCountry "HUN"]
[SourceTitle "EXT 2009"]
[Source "ChessBase"]
[SourceDate "2008.11.26"]
[SourceVersion "1"]
[SourceVersionDate "2008.11.26"]
[SourceQuality "1"]
[WhiteTeam "Pannonpower II"]
[BlackTeam "Pecs Karmin"]
[WhiteTeamCountry "HUN"]
[BlackTeamCountry "HUN"]

1. d4 Nf6 2. Bg5 Ne4 3. Bh4 c5 4. Nf3 Qb6 5. Nc3 Nxc3 6. bxc3 Qb2 7. Kd2 cxd4 8. cxd4 e6 9. Qb1 Bb4+ 10. Kd1 Qc3 11. Bg5 Nc6 12. Bd2 Qa3 13. e3 Bc3 14. Bxc3 Qxc3 15. a3 0-0 16. Bd3 b6 17. Ke2 Bb7 18. Ng5 f5 19. Qb5 Qa5 20. c4 Qxb5 21. cxb5 Na5 22. Nf3 Rac8 23. Rac1 Bd5 24. Rxc8 Rxc8 25. Rb1 Kf8 0-1